| 000 | 00639nam a22002417a 4500 | ||
|---|---|---|---|
| 003 | OSt | ||
| 005 | 20250315145656.0 | ||
| 008 | 130213t xxu||||| |||| 00| 0 eng d | ||
| 020 | _a0226816273 | ||
| 050 |
_aLB 2369 _b.T929 1996 |
||
| 082 |
_aM 808.02 _bT84 1996 |
||
| 100 | _aTurabian, Kate L. | ||
| 245 |
_aA manual for writers of term papers, theses, and dissertations _cTurabian, Kate L. |
||
| 260 |
_aChicago _bUniversity of Chicago Press _cc1996 |
||
| 300 |
_a308 p. _c23 cm. |
||
| 526 | _c1210L-1700L | ||
| 562 | _e4 | ||
| 942 |
_2lcc _cBK |
||
| 999 |
_c16426 _d16426 |
||